000 01286cam a22003617a 4500
003 CHAP
005 20220329141833.0
008 971201d1996 mx ab r 00110 spa d
010 _a74597
011 _a75569
035 _a85133
040 _cCHAP
090 _aTesis
100 0 0 _aChávez Olivas, Pioquinto.
_922746
245 1 0 _aEstudio de la regeneración de Pinus arizonica Engelm, en el Campo Experimental Madera, Chihuahua
_c/por Pioquinto Chávez Olivas
260 _aChapingo, Méx. :
_bEl autor,
_c1997.
300 _a63 h. :
_bilus. ; gráfs. ; mapas
502 _aTesis (M.C. Forestales) -- UACH. División de Ciencias Forestales
590 _aALEPH
_b10
_c20130110
_lUCH01
_h1420
590 _aBATCH-UPD
_b10
_c20130110
_lUCH01
_h0151
590 _aBATCH-UPD
_b10
_c20130110
_lUCH01
_h2303
590 _aBATCH-UPD
_b10
_c20130409
_lUCH01
_h2151
590 _aBATCH-UPD
_b10
_c20130914
_lUCH01
_h0927
590 _aCONVERSION
_b10
_c20130109
_lUCH01
_h1341
650 1 4 _aÁrboles
_xRegeneracion.
_96642
650 1 4 _aPináceas
_xChihuahua.
_988221
650 1 4 _aPinus arizonica.
_988319
901 _aBK
905 _aAlejandra Carrasco M.
942 _cFOLL
949 _bBC
_cTES
_d33724000637245
_eTS2
_fc.2
_h31522
_i85133
_sb
949 _bBC
_cTES
_d851331
_eTS1
_h31521
_i85133
_sb
999 _c74597
_d74597